000 00692nam a22002177a 4500
003 OSt
005 20260629114726.0
008 260629b |||||||| |||| 00| 0 eng d
020 _a0803968434
040 _cChuka University Library
050 _aLB 2838.8
_b.G6 1999
100 _aM.C. Gore and Dowd John
_931417
245 _aTaming the Time Stealers: Tricks of the Trade From Organised Teachers
260 _aThousand Oaks
_bCorwin Press
_c1999
300 _axi, 162P
_bIllustrations
650 _aTeachers: Time Management
_928737
650 _aEffective Teaching
_911612
650 _aTeaching-Decision Making
_931418
650 _aClassroom Environment
_929069
942 _2lcc
_cBK
_n0
999 _c25318
_d25318